书目信息 |
| 题名: |
苏联社会主义经济问题
|
|
| 作者: | 斯大林 著 ;中共中央马恩列斯著作编译局 编译 | |
| 分册: | ||
| 出版信息: | 北京 人民出版社 1952.11 |
|
| 页数: | 76页 | |
| 开本: | 21cm | |
| 丛书名: | ||
| 单 册: | ||
| 中图分类: | A328 | |
| 科图分类: | ||
| 主题词: | 斯大林著作--单行本--1946~1953年 | |
| 电子资源: | ||
| ISBN: | ||
| 000 | 00674nam0 2200205 45 | |
| 001 | 0181023592 | |
| 005 | 20070710113342.90 | |
| 010 | @dCNY0.20 | |
| 091 | @a1001.93 | |
| 100 | @a20810111d km y0chiy0120 ea | |
| 101 | 0 | @achi |
| 200 | 1 | @a苏联社会主义经济问题@ASU LIAN SHE HUI ZHU YI JING JI WEN TI@f斯大林著@FSi Da Lin Zhu@g中共中央马恩列斯著作编译局编译 |
| 210 | @a北京@c人民出版社@d1952.11 | |
| 215 | @a76页@d21cm | |
| 606 | 0 | @a斯大林著作@x单行本@z1946~1953年 |
| 690 | @aA328@v3 | |
| 701 | 0 | @a斯大林@4著 |
| 712 | 02 | @a中共中央马恩列斯著作编译局@AZhong Gong Zhong Yang Ma En Lie Si Zhu ZuoBian Yi Ju@4编译 |
| 801 | @aCN@bTSTC@c20070710 | |
| 905 | @dA328@e8@f1@b65603 | |
| 苏联社会主义经济问题/斯大林著/中共中央马恩列斯著作编译局编译.-北京:人民出版社,1952.11 |
| 76页;21cm |
| ISBN :CNY0.20 |
| ● |
| 相关链接 |
|
|
|
|
正题名:苏联社会主义经济问题
索取号:A328/8
 
预约/预借
| 序号 | 登录号 | 条形码 | 馆藏地/架位号 | 状态 | 备注 |
| 1 | 0065602 | 202199593 | 密集书库/ [索取号:A328/8] | 在馆 | |
| 2 | 0065603 | 002046538 | 密集书库/ [索取号:A328/8] | 在馆 | |
| 3 | 0440368 | 204403680 | 密集书库/ [索取号:A328/8] | 在馆 | |
| 4 | 0469211 | 204692118 | 密集书库/ [索取号:A328/8] | 在馆 | |
| 5 | 0767946 | 207679467 | 密集书库/ [索取号:A328/8] | 在馆 |